ORTHOPEDIC PHYSICAL ASSESMENT (Record no. 30976)
[ view plain ]
| 000 -LEADER | |
|---|---|
| fixed length control field | 00346nam a22001577a 4500 |
| 003 - CONTROL NUMBER IDENTIFIER | |
| control field | SGT |
| 020 ## - INTERNATIONAL STANDARD BOOK NUMBER | |
| International Standard Book Number | 9788131264553 |
| 082 ## - DEWEY DECIMAL CLASSIFICATION NUMBER | |
| Classification number | 615.8 |
| Item number | O21M |
| 100 ## - MAIN ENTRY--PERSONAL NAME | |
| Personal name | MAGEE, DAVID J |
| 245 ## - TITLE STATEMENT | |
| Title | ORTHOPEDIC PHYSICAL ASSESMENT |
| 250 ## - EDITION STATEMENT | |
| Edition statement | 7TH |
| 260 ## - PUBLICATION, DISTRIBUTION, ETC. (IMPRINT) | |
| Place of publication, distribution, etc | INDIA |
| Name of publisher, distributor, etc | ELSEVIER PUB |
| Year of Publication | 2021 |
| 300 ## - PAGE DESCRIPTION | |
| No. of Pages | 1282 |
| 650 ## - SUBJECT ADDED ENTRY--TOPICAL TERM | |
| Topical term or geographic name as entry element | PHYSIOTHERAPY |
| 942 ## - ADDED ENTRY ELEMENTS (KOHA) | |
| Source of classification or shelving scheme | Dewey Decimal Classification |
| Koha item type | Books |
| Withdrawn status | Lost status | Source of classification or shelving scheme | Damaged status | Not for loan | Collection code | Home library | Current library | Shelving location | Date acquired | Vendor Name | Cost, normal purchase price | SGTU | Bill Number | Full call number | Accession No. (Barcode) | Date last seen | Bill Date | Koha item type | Total Checkouts | Date last borrowed |
|---|---|---|---|---|---|---|---|---|---|---|---|---|---|---|---|---|---|---|---|---|
| Dewey Decimal Classification | Not For Loan | MEDICAL | SGT Medical Library | SGT Medical Library | Reference Book | 23/03/2025 | ABC DELHI | 3675.00 | SGTU | 20801 | 615.8 O21M | FM15241 | 25/04/2025 | 23/03/2025 | Books | |||||
| Dewey Decimal Classification | MEDICAL | SGT Medical Library | SGT Medical Library | Text Book | 23/03/2025 | ABC DELHI | 3675.00 | SGTU | 20801 | 615.8 O21M | FM15242 | 29/04/2026 | 23/03/2025 | Books | 9 | 29/04/2026 | ||||
| Dewey Decimal Classification | MEDICAL | SGT Medical Library | SGT Medical Library | Text Book | 23/03/2025 | ABC DELHI | 3675.00 | SGTU | 20801 | 615.8 O21M | FM15243 | 03/04/2026 | 23/03/2025 | Books | 6 | 18/03/2026 | ||||
| Dewey Decimal Classification | MEDICAL | SGT Medical Library | SGT Medical Library | Text Book | 23/03/2025 | ABC DELHI | 3675.00 | SGTU | 20801 | 615.8 O21M | FM15244 | 21/04/2026 | 23/03/2025 | Books | 8 | 07/04/2026 | ||||
| Dewey Decimal Classification | MEDICAL | SGT Medical Library | SGT Medical Library | Text Book | 23/03/2025 | ABC DELHI | 3675.00 | SGTU | 20801 | 615.8 O21M | FM15245 | 27/04/2026 | 23/03/2025 | Books | 8 | 13/04/2026 |